00642nam a2200205Ia 4500008004100000016001400041020001500055040001700070050001600087082001100103245009100114260003100205300004700236563001000283650002300293650003500316650003400351700002300385700002800408210303s9999 xx 000 0 und d 2reto2022b a0333143841 aNLNbEnglish aDK246b.E85 a947.08 0aESSAYS in Honour of E. H. Carr /cedited by C. Abramsky, assisted by Beryl J. Williams aLondon :bMacMillan,c1974 aviii, 387p.b1 leaf of plates, port. ;24cm a(pbk) aCarr, Edward, 1892 aRussia vHistoryx19th century aRussiavHistoryx20th century aAbramsky, C. eedt aWilliams, Beryl J.eedt